| 000 | 00423nam a2200145Ia 4500 | ||
|---|---|---|---|
| 999 |
_c397 _d397 |
||
| 020 | _a92-101324-6 | ||
| 082 | _a300.95 SOC; | ||
| 245 | 0 | _aSocial sciences in Asia: Bangladesh, Iran, Malaysia, Pakistan, Thailand | |
| 260 |
_aParis _bUnesco Press _c1976 |
||
| 300 | _a54p. | ||
| 504 | _aReports and papers in the social sciences | ||
| 650 | _aSocial sciences - Research - Asia | ||
| 650 | _aSocial surveys - Asia | ||
| 942 | _cBK | ||